| 000 | 01128nam a2200313#a 4500 | ||
|---|---|---|---|
| 001 | 00662 | ||
| 003 | HDC | ||
| 007 | ta | ||
| 008 | 230623s1991 xx 000 0 eng d | ||
| 020 | _a0892814381 (pbk.). | ||
| 040 | _aHDC | ||
| 050 |
_aWZ 80.5 _b .A8 C542t 1991 |
||
| 100 |
_aChishti, G. M. _q(Ghulam Moinuddin), _d1943- |
||
| 245 | 4 |
_aThe traditional healer s handbook : _ba classic guide to the medicine of Avicenna / _cHakim G.M. Chishti. |
|
| 264 |
_a[s.l.] : _bDistributed to the book trade in the U.S. by American International Distribution Corp., |
||
| 264 |
_aRochester, Vt. : _bHealing Arts Press _cc1991. |
||
| 300 |
_a385p. : _b ill. ; _c 23cm. |
||
| 500 |
_aRev. ed. of: The traditional healer, c1988. _aIncludes bibliographical references (p. 376-385) and index. |
||
| 610 |
_aAvicenna, _d980-1037. |
||
| 650 | _aHistory of Medicine, Medieval. | ||
| 650 | _aMedicine, Arab. | ||
| 650 | _aMedicine, Arab. | ||
| 650 | _aMedicine, Herbal. | ||
| 700 |
_aChishti, G. M. _q(Ghulam Moinuddin), _d1943- _tTraditional healer. |
||
| 942 | _2lcc | ||
| 942 | _cBK | ||
| 942 | _kWZ 80.5 | ||
| 942 | _m .A8 C542t 1991 | ||
| 999 |
_c24196 _d24196 |
||